Statistics for Země podle písmene - J

Click here to take the quiz!

General Stats

  • This quiz has been taken 73 times
  • The average score is 5 of 7

Answer Stats

Stát% Correct
Japonsko
91%
Jemen
84%
Jordánsko
81%
Jamajka
75%
Jižní Korea
72%
Jihoafrická republika
69%
Jižní Súdán
59%

Score Distribution

Percentile by Number Answered

Percent of People with Each Score

Your Score History

You have not taken this quiz